[Event "It (open)"]
[Site "masterchessopen.com Collado Villalba (Spain)"]
[Date "2006.08.23"]
[Round "5"]
[White "Suba Mihai (ROM)"]
[Black "Roa Alonso Santiago (ESP)"]
[Result "1-0"]
[WhiteElo "2535"]
[BlackElo "2422"]

{ Suba Mihai (ROM) +1 =0 -1 Roa Alonso Santiago (ESP) +1 =0 -0 } 1.Nf3 d5 2.c4
e6 3.g3 Nf6 4.Bg2 Be7 5.d4 O-O 6.O-O c6 7.Qc2 b6 8.Rd1 Bb7 9.b3 Na6 10.Nc3 {
?/= } 10...Qc8 ( 10...Rc8 11.e4 Ne8 12.Bb2 Qc7 13.Qe2 Nf6 14.Rac1 Qd8 15.Ne5
Nc7 16.c5 Nd7 17.Nxd7 Qxd7 18.b4 Ba6 19.Qe3 { 1/2-1/2, Gorelov Sergey G 2420 -
Graf Alexander 2632 , Barnaul 1984 Ch URS (qual) } ) 11.Bb2 { -0.11 CAP } (
11.Bg5 h6 12.Bxf6 Bxf6 13.e4 dxe4 14.Nxe4 Be7 15.Qe2 Qc7 16.a3 Rad8 17.Nc3
Rfe8 18.b4 c5 19.Nb5 Qb8 20.Ne5 Bxg2 21.Kxg2 Qb7+ 22.Qf3 Qxf3+ 23.Kxf3 Bf6
24.Nc6 Rd7 25.dxc5 Rxd1 26.Rxd1 bxc5 27.Nd6 Ra8 28.Ne4 Bb2 29.b5 f5 30.bxa6
fxe4+ { ...1-0, Gurevich Dmitry 2525 - Trabert Bettina 2210 , Graz 1995 It
(open) } ) ( 11.e4 dxe4 12.Ng5 h6 13.Ngxe4 c5 14.Bb2 Rd8 15.dxc5 Nxc5 16.Rxd8+
Bxd8 17.Nd6 Qd7 18.Nxb7 Nxb7 19.Rd1 Qc8 20.Nb5 Be7 21.Bxf6 gxf6 22.Qe4 Rb8
23.Nxa7 Qf8 24.Nc6 Re8 25.Nxe7+ Rxe7 26.Qc6 { 1-0, Wojtkiewicz Aleksander 2530
- Tsiganova Monika 2282 , Komotini 1992 It (open) } ) 11...Nb4 { N } (
11...Rd8 12.e4 c5 13.cxd5 exd5 14.e5 Ne4 15.Rac1 Nxc3 16.Bxc3 Qd7 17.Qb2 Nc7
18.dxc5 bxc5 19.Ba5 Rdc8 20.b4 Ne6 21.bxc5 Rxc5 22.Rxc5 Bxc5 23.Bb4 Bb6 24.Ne1
Rc8 25.Bd6 d4 26.Bxb7 Qxb7 { 1/2-1/2, Hulak Krunoslav 2545 - Dineley Richard
2255 , Yerevan 1996 Olympiad } ) ( 11...c5 12.cxd5 Nb4 13.Qb1 Nbxd5 14.Nxd5
exd5 15.Ne5 Qe6 16.Qd3 Rac8 17.Rac1 Rfd8 18.e3 Ne4 19.Qf1 Qh6 20.Qb5 a6 21.Qe2
Qe6 22.Nd3 f5 23.Rc2 c4 24.Ne5 b5 { 0-1, Akopov Roman 2273 - Lykhin Oleg 2336
, corr. 1991 Ch URS (corr.) } ) ( 11...dxc4 12.bxc4 c5 13.d5 Nb4 14.Qb3 exd5
15.Nxd5 Nfxd5 16.cxd5 Bxd5 17.Rxd5 Nxd5 18.Qxd5 Rd8 19.Qh5 c4 20.Ne5 g6
21.Nxg6 fxg6 22.Bd5+ Rxd5 23.Qxd5+ Kf8 24.Rc1 b5 25.Qxb5 Rb8 26.Qe5 { 1-0,
Ginting Nasib 2397 - O'Donnell Tom 2415 , Novi Sad 1990 Olympiad } ) 12.Qc1 c5
13.dxc5 dxc4 14.a3 Na6 15.b4 bxc5 16.b5 Nb4 17.Qf4 a6 18.bxa6 Bxa6 19.Ne5 Nbd5
20.Nxd5 Nxd5 { ?! } ( 20...exd5 { !? } 21.Rxd5 Nxd5 22.Bxd5 Bf6 23.Nc6 Re8
24.Bxf6 gxf6 25.Qxf6 Qc7 26.Na5 Rad8 27.Qg5+ { } ) 21.Rxd5 exd5 22.Bxd5 Bf6
23.Bxa8 { ?! } ( 23.Nc6 { !? } 23...Re8 24.Bxf6 gxf6 25.Qxf6 Qc7 26.Na5 Rad8
27.Qg5+ Kh8 28.Nxc4 Bxc4 29.Qf6+ Kg8 { } ) 23...Qxa8 24.Bc3 Qd5 25.e4 Qd6
26.Rc1 Re8 27.Nxc4 Qxf4 28.gxf4 Bxc4 29.Bxf6 Bd3 30.Bb2 c4 31.f3 Rb8 32.Bc3
Ra8 33.Bb4 f5 34.e5 Kf7 35.Kf2 Ke6 36.Ke3 Kd5 37.Rg1 Ra7 38.h4 g6 39.Kd2 Ra6
40.Re1 Ke6 41.Kc3 Ra8 42.Ra1 Kd5 43.Ra2 Ra6 44.a4 Ra8 { ?! } ( 44...Rc6 { !? }
45.Rb2 Ra6 46.a5 Ra8 47.Ra2 Ra6 48.Rb2 Ra8 49.Ra2 Ra6 50.Rb2 Ra8 51.Ra2 { } )
45.a5 Ra6 46.Be7 Bf1 47.Bd8 Bd3 48.Rb2 Ra8 49.Rb5+ Kc6 50.Rb6+ Kd7 51.Rd6+ Ke8
52.Bb6 Be2 53.h5 gxh5 54.Rh6 Bxf3 55.Rxh7 Kf8 56.e6 Kg8 57.Rf7 Be4 58.Bd4 Rxa5
59.Rg7+ Kf8 60.Rh7 Bd5 61.e7+ Ke8 62.Bf6 Bc6 63.Bg5 Ra3+ 64.Kxc4 Re3 65.Rxh5
Re6 66.Kc5 Ba4 67.Rh7 Bc6 68.Rh3 Kf7 69.Rh8 Kg6 70.Rf8 Bd7 71.Kd5 Re1 72.Rg8+
Kf7 73.Rf8+ Kg6 74.Kd6 Ba4 75.Rf6+ Kg7 76.Rxf5 Be8 77.Rf8 Bf7 78.f5 Rd1+
79.Ke5 Re1+ 80.Kd4 Rd1+ 81.Ke4 Bd5+ 82.Ke5 Bf7 { } {#r} 1-0

[Event "Memorial Beliaev"]
[Site "masterchessopen.com Naberezhnye Chelny (Russia)"]
[Date "2006.12.18"]
[Round "3"]
[White "Samusenko Aleksandr V (RUS)"]
[Black "Akhamdeev Valery (RUS)"]
[Result "1-0"]
[WhiteElo "2308"]
[BlackElo "2244"]

1.d4 d5 2.c4 e6 3.Nf3 Nf6 4.g3 Be7 5.Bg2 O-O 6.O-O c6 7.Qc2 b6 8.b3 Bb7 9.Rd1
Qc8 10.Nc3 Nbd7 11.Bb2 c5 12.cxd5 exd5 13.dxc5 bxc5 14.e3 Bc6 15.Nh4 Qb7
16.Nf5 Rfe8 17.Nxe7+ Rxe7 18.Rac1 Rae8 19.Ne2 Ne4 20.Nf4 Ne5 21.Bxe5 Rxe5
22.Nd3 R5e7 23.Nxc5 Nxc5 24.Qxc5 Re6 25.Bxd5 Bxd5 26.Qxd5 Qb6 27.Rd4 h6 28.b4
Re5 29.Qc6 Qb8 30.a4 R5e6 31.Qd5 Re5 32.Qf3 R5e7 33.b5 Qb6 34.Qc6 Qa5 35.Qc3
Qb6 36.Qc5 Qe6 37.Qd5 Qg6 38.Kg2 Re5 39.Qf3 R5e6 40.Rc6 {#r} 1-0

[Event "Ch Europe"]
[Site "masterchessopen.com Dresden (Germany)"]
[Date "2007.04.07"]
[Round "5"]
[White "Huzman Alexander (ISR)"]
[Black "Hera Imre Jr (HUN)"]
[Result "1-0"]
[WhiteElo "2601"]
[BlackElo "2544"]

{ } 1.d4 Nf6 2.c4 e6 3.g3 d5 4.Nf3 Be7 5.Bg2 O-O 6.O-O c6 7.Qc2 b6 8.b3 Nbd7
9.Rd1 Ba6 10.a4 Rc8 { ?/= +0.11 CAP } ( 10...c5 11.Nc3 cxd4 12.Nxd4 Rc8
13.Ncb5 e5 14.Nf5 dxc4 15.Nxa7 cxb3 16.Qxb3 Bc5 17.Nxc8 Qxc8 18.e3 Qc7 19.Ba3
{ 1-0, Van Wely Loek 2714 - Janssen Ruud 2475 , Vlissingen 2001 It (open) } )
11.Bb2 { N } ( 11.a5 b5 ( 11...c5 12.axb6 Qxb6 13.Qa2 Bb7 14.Ba3 Rfe8 15.e3
Ne4 16.dxc5 Bxc5 17.Bxc5 Ndxc5 18.Qxa7 Qc7 19.Qa5 Nxb3 20.Qxc7 Rxc7 21.Ra7
dxc4 22.Ne5 c3 23.Bxe4 Bxe4 24.Rxc7 c2 25.Nc3 cxd1=Q+ 26.Nxd1 f6 { 1/2-1/2,
Nogueiras Jesus 2560 - Garcia Gildardo 2540 , Matanzas 1995 Memorial
J.Capablanca (cat.11) } ) 12.c5 Ne4 ( 12...b4 13.e3 e5 14.dxe5 Ne4 15.Bb2
Nexc5 16.Bh3 Qc7 17.Ra2 Rb8 18.Bd4 Ne6 19.Ba1 c5 20.Rxd5 c4 21.Bf1 cxb3
22.Qxb3 Ndc5 23.Qd1 b3 24.Rad2 Bb7 25.Rd6 Ne4 26.Nd4 Nxd2 27.Nxd2 Bxd6 28.exd6
Qxd6 29.Nf5 Qb4 30.Nc4 Be4 { ...0-1, Ilincic Zlatko 2540 - Papp Gabor 2474 ,
Budapest 11. 3.2005 It (cat.7) } ) 13.Ne1 f5 14.Nd3 Qc7 15.f3 Ng5 16.Bf4 Qb7
17.Bxg5 Bxg5 18.f4 Bf6 19.Nb4 Nb8 20.e3 Rc7 21.Nc3 Qc8 22.Bf3 Bb7 23.g4 a6
24.Kh1 Qe8 25.Rg1 Bd8 26.Nd3 Re7 27.Ne5 Nd7 28.b4 Bc7 29.gxf5 exf5 30.Rg5 Nxe5
{ ...1-0, Kern Guido 2355 - Sutmuller Jos 2250 , Germany 23. 2.2003 Bundesliga
(2nd) West 2002/03 } ) 11...c5 12.Na3 Bb7 13.Ne5 cxd4 14.Bxd4 Nxe5 15.Bxe5 Ng4
16.Bb2 Qc7 17.e3 Rfd8 18.Qe2 Nf6 19.Rac1 dxc4 20.Rxd8+ Rxd8 21.Nb5 Qb8 22.Rxc4
Bxg2 23.Kxg2 Rc8 24.e4 Rxc4 25.Qxc4 h6 26.Qc6 Bc5 27.Bc3 Ng4 { ?! } ( 27...a5
{ !? } 28.Bd4 Bxd4 29.Nxd4 Qe5 30.Nf3 Qxe4 31.Qxb6 Qa8 32.b4 axb4 33.Qxb4 Nd5
34.Qe4 { } ) 28.b4 Bf8 29.Qc7 Qa8 30.f3 Ne3+ 31.Kg1 f5 { ? } ( 31...Nd1 32.Bd4
a6 33.Nd6 Bxd6 34.Qxd6 Qc8 35.Qxb6 Qc1 36.Kg2 Qc2+ 37.Kh3 Qxa4 38.Qd8+ { } )
32.Bd4 a6 33.Na3 Ng4 34.Nc4 Nf6 35.Nxb6 Qe8 36.Bxf6 gxf6 37.Nd7 Qe7 38.Qc8
Qxb4 39.Nxf8 Qe1+ 40.Kg2 Qe2+ 41.Kh3 Qf1+ 42.Kh4 Qxf3 43.Nxe6+ { } {#r} 1-0

[Event "Ch Germany (juniors) (under 16)"]
[Site "masterchessopen.com Willingen (Germany)"]
[Round "8"]
[White "Mueller Reinhold (GER)"]
[Black "Kachibadze Giorgi (GEO)"]
[Result "1-0"]
[WhiteElo "2137"]
[BlackElo "2070"]

1.d4 d5 2.c4 e6 3.Nf3 Nf6 4.g3 Be7 5.Bg2 O-O 6.O-O c6 7.Qc2 b6 8.b3 Bb7 9.Rd1
Nbd7 10.Nc3 Rc8 11.e4 c5 12.exd5 exd5 13.Bb2 dxc4 14.d5 Bd6 15.bxc4 a6 16.Ng5
h6 17.Nce4 Be5 18.Nxf6+ Bxf6 19.Qh7# 1-0

[Event "Ch Europe (seniors)"]
[Site "masterchessopen.com Hockenheim (Germany)"]
[Date "2007.06.08"]
[Round "7"]
[White "Butnorius Algimantas (LTU)"]
[Black "Pushkov Nikolai (RUS)"]
[Result "1-0"]
[WhiteElo "2413"]
[BlackElo "2513"]

{ Butnorius Algimantas (LTU) +1 =0 -0 } 1.d4 Nf6 2.c4 e6 3.Nf3 d5 4.g3 Be7
5.Bg2 O-O 6.O-O c6 7.Qc2 b6 8.Rd1 Ba6 { ?/= } 9.Ne5 ( 9.b3 Nbd7 10.Nbd2 Rc8
11.e4 c5 12.exd5 exd5 13.Nf1 cxd4 14.Nxd4 b5 15.Ne3 bxc4 16.Nxd5 cxb3 17.Nxe7+
Qxe7 18.Qxb3 Nc5 19.Qa3 Bb7 20.Nf5 Qe2 21.Be3 Bxg2 22.Kxg2 Rfe8 23.Nd6 Nce4
24.Nxc8 Rxc8 { 1-0, Harikrishna P 2612 - Sharma Dinesh K 2386 , Mumbai 2004 Ch
Commonwealth } ) 9...h6 { N } ( 9...Nfd7 10.cxd5 cxd5 11.e4 ( 11.Nc3 Bb7
12.Bf4 a6 13.Rac1 Nxe5 14.dxe5 f6 15.exf6 Bxf6 16.e4 d4 17.e5 Bxg2 18.Kxg2 Bg5
19.Bxg5 Qxg5 20.Rxd4 Qxe5 21.Qe4 Qf6 22.Rd2 Ra7 23.Re1 Rd7 24.Rde2 Rd6 25.Qb4
Rc6 26.Qe4 Rd6 27.Qe3 Qd8 28.Ne4 Rd3 29.Qg5 { ...1/2-1/2, Kaid Almar 2275 -
Dorrington Christopher 2227 , England 14. 1.2006 Ch England (team) 2005/06 (2
div) } ) 11...Nxe5 12.exd5 Nd3 13.d6 Nb4 14.dxe7 Qxe7 15.Qa4 Nd5 16.Nc3 Bb7
17.Nxd5 Bxd5 18.Bxd5 exd5 19.Bf4 Qd7 { 1/2-1/2, Shianovsky Vladislav I 2255 -
Lazarev Efim M 2428 , Kiev 1969 Ch "Avangard" } ) ( 9...Qc8 10.Bf4 ( 10.Bg5 h6
{ +0.15 CAP } ) 10...Nbd7 11.Nc3 Qb7 12.b3 Rac8 13.e4 h6 14.Nxd7 Qxd7 15.e5
Ne8 16.Bf1 Nc7 17.a4 Bb7 18.Qe2 c5 19.Bg2 cxd4 20.Rxd4 Bb4 21.Ne4 Qe7 22.Nf6+
gxf6 23.Bxh6 f5 24.Qh5 Ne8 25.Rh4 Bc3 26.Bg5 f6 27.Qh8+ Kf7 28.Rh7+ Kg6
29.Rh6+ { ...1-0, Burmakin Vladimir 2586 - Graf Alexander 2610 , Ohrid 2001 Ch
Europe } ) 10.Nc3 Qc8 11.e4 dxc4 12.d5 Rd8 { ? } ( { ? } 12...Bc5 13.Bf4 Nh5
14.Bh3 Nxf4 15.gxf4 b5 16.Rab1 Bb7 17.dxe6 fxe6 18.b4 cxb3 { } ) 13.Bf4 { ? }
( 13.Bh3 Rd6 14.Bf4 Nh5 15.Ng6 Rd7 16.Nxe7+ Rxe7 17.Bd6 Rb7 18.dxe6 { } )
13...Bb7 14.Nxf7 Kxf7 15.d6 e5 16.dxe7 Rxd1+ 17.Rxd1 Qe6 18.Be3 Nbd7 19.a4
Kxe7 20.f3 Ke8 21.Bf1 a6 22.Qf2 b5 23.h4 Rd8 24.Kh2 Qe7 25.Bh3 b4 { ?! } (
25...Kf7 { !? } 26.Qc2 Kf8 27.a5 Ra8 28.Qf2 Kg8 29.Bf5 { } ) 26.Nb1 a5 27.Rc1
Nf8 { ?! } ( 27...Qf7 { !? } 28.Bf1 c3 29.bxc3 Qb3 30.Nd2 Qxa4 31.Nc4 Kf8 { }
) 28.Rxc4 Ne6 29.Nd2 Qd6 30.Nb3 Ba6 31.Nxa5 Bxc4 32.Nxc4 Qe7 33.Nxe5 Ra8
34.Nxc6 Qd6 35.Nd4 Nxd4 36.Bxd4 Rd8 37.Be3 Qd1 38.a5 Qa1 39.Qc2 Qe1 40.Qc6+
Kf8 41.Qb6 Qe2+ 42.Bg2 Rd3 43.a6 Rb3 44.a7 { +156.50 CAP } {#r} 1-0

[Event "Ch Portugal (team) (1 div)"]
[Site "masterchessopen.com Evora (Portugal)"]
[Round "0"]
[White "Johannessen Leif Erlend (NOR)"]
[Black "Del Rio Angelis Salvador G (ESP)"]
[Result "1-0"]
[WhiteElo "2536"]
[BlackElo "2512"]

1.Nf3 Nf6 2.c4 e6 3.g3 d5 4.d4 Be7 5.Bg2 O-O 6.O-O c6 7.Qc2 b6 8.Nbd2 Bb7 9.e4
Na6 10.a3 c5 11.e5 Ne4 12.dxc5 Naxc5 13.b4 Nxd2 14.Nxd2 Nd7 15.cxd5 Bxd5
16.Bxd5 exd5 17.Nf3 a5 18.Bd2 axb4 19.axb4 Rxa1 20.Rxa1 Re8 21.Ra7 Nb8 22.h4
h6 23.Qf5 g6 24.Qf4 Qc8 25.Qxh6 Qf5 26.Qe3 Nc6 27.Rc7 Nxb4 28.Rxe7 Qb1+ 29.Kg2
{#r} 1-0

[Event "Tournament (open)"]
[Site "masterchessopen.com Kemerovo (Russia)"]
[Date "2007.07.24"]
[Round "0"]
[White "Smotriakov Arkady (RUS)"]
[Black "Nigametzianov Mikhail (RUS)"]
[Result "0-1"]
[WhiteElo "2141"]
[BlackElo "2372"]

1.c4 Nf6 2.g3 e6 3.Bg2 d5 4.d4 Be7 5.Nf3 O-O 6.O-O c6 7.Qc2 b6 8.Rd1 Bb7
9.Nbd2 Nbd7 10.e4 dxc4 11.Nxc4 h6 12.Nfe5 b5 13.Ne3 Nxe5 14.dxe5 Nd7 15.f4 Qc7
16.Kh1 Rfd8 17.b3 Qb6 18.Nf1 c5 19.Be3 Qc6 20.Qf2 a5 21.Rdc1 Bf8 22.Nd2 a4
23.h4 axb3 24.Nxb3 c4 25.Nd4 Qa6 26.Qe2 Nc5 27.Bg1 Nd3 28.Rf1 b4 29.f5 Nxe5
30.fxe6 f6 31.g4 c3 32.g5 Qxe2 33.Nxe2 hxg5 34.hxg5 Rd2 35.gxf6 gxf6 36.Nf4
Raxa2 {#R} 0-1

[Event "Ch Vietnam (team)"]
[Site "masterchessopen.com Dalat City (Vietnam)"]
[Date "2007.08.29"]
[Round "10"]
[White "Tu Hoang Thai (VIE)"]
[Black "Nguyen Huynh Minh H (VIE)"]
[Result "1-0"]
[WhiteElo "2395"]
[BlackElo "2398"]

1.d4 d5 2.Nf3 Nf6 3.c4 e6 4.g3 Be7 5.Bg2 O-O 6.O-O c6 7.Qc2 b6 8.Nbd2 Bb7 9.e4
dxe4 10.Nxe4 Nxe4 11.Qxe4 Nd7 12.Rd1 Qe8 13.Qc2 Qc8 14.Bg5 Bxg5 15.Nxg5 Nf6
16.c5 h6 17.Nf3 Rd8 18.Rac1 Qc7 19.Qb3 Rac8 20.Ne5 bxc5 21.Rxc5 Nd7 22.Nxd7
Rxd7 23.Qc3 e5 24.d5 Rcd8 25.Re1 Re7 26.dxc6 {#r} 1-0

[Event "Ch City"]
[Site "masterchessopen.com Novosibirsk (Russia)"]
[Date "2007.09.29"]
[Round "4"]
[White "Biryukov Alexander (RUS)"]
[Black "Nikolaev Alexander (RUS)"]
[Result "1-0"]
[WhiteElo "2025"]
[BlackElo "2199"]

1.d4 Nf6 2.Nf3 e6 3.c4 d5 4.g3 Be7 5.Bg2 c6 6.O-O O-O 7.Qc2 b6 8.Rd1 Bb7 9.Nc3
dxc4 10.Ne5 Nd5 11.Nxc4 Nd7 12.e4 Nb4 13.Qb3 Nf6 14.a3 Na6 15.Na5 Qc8 16.Nxb7
Qxb7 17.Bf4 Rfd8 18.Rac1 Rac8 19.Qa2 Rd7 20.Bh3 Rcd8 21.Be3 h6 22.b4 Bf8
23.Qe2 Nc7 24.Bg2 g6 25.e5 Nfd5 26.Ne4 Ne8 27.Qg4 Kh7 28.h4 Be7 29.Qf3 Bf8
30.h5 Ra8 31.hxg6+ Kxg6 32.Bf1 f5 33.exf6 Nd6 34.Qg4+ Kh7 35.Nxd6 Bxd6 36.Bd3+
Kh8 37.Bxh6 Nxf6 38.Qxe6 Ng8 39.Bg5 Rg7 40.Qh3+ Rh7 41.Bxh7 Qxh7 42.Qxh7+ Kxh7
43.Rxc6 Bf8 44.d5 Bh6 45.Bh4 Rf8 46.d6 {#r} 1-0

[Event "Cup Pichay (open)"]
[Site "masterchessopen.com Manila (Philippines)"]
[Date "2007.12.04"]
[Round "5"]
[White "Maga Mirabeau (PHI)"]
[Black "Li Ruofan (SIN)"]
[Result "0-1"]
[WhiteElo "2292"]
[BlackElo "2417"]

1.d4 Nf6 2.c4 e6 3.g3 d5 4.Nf3 Be7 5.Bg2 O-O 6.Qc2 c6 7.O-O b6 8.Nbd2 Ba6
9.Rd1 Nbd7 10.e4 dxc4 11.Nxc4 Nxe4 12.Nfe5 f5 13.Nxc6 Qe8 14.Nxe7+ Qxe7 15.b3
Rac8 16.a4 Rfd8 17.Ba3 Qf7 18.Rac1 Ndf6 19.f3 Nd6 20.Nxd6 Rxc2 21.Nxf7 Rxc1
22.Nh6+ gxh6 23.Rxc1 Rd7 24.Rc2 Kf7 25.Bc1 Rxd4 26.Bxh6 Nd5 27.Kf2 Rb4 28.Bf4
Rxb3 29.Be5 Ra3 30.f4 Bd3 31.Rc8 Ra2+ 32.Kg1 Be4 33.Bf1 Rxa4 34.Be2 Ra2
35.Bh5+ Ke7 36.Rg8 Ne3 37.Rg7+ Kd8 38.Rg8+ Kd7 39.Rg7+ Kc8 {#R} 0-1

[Event "Ch Slovenia (team)"]
[Site "masterchessopen.com Murska Sobota (Slovenia)"]
[Date "2007.12.11"]
[Round "3"]
[White "Sebenik Matej (SLO)"]
[Black "Beliavsky Alexander G (SLO)"]
[Result "0-1"]
[WhiteElo "2480"]
[BlackElo "2646"]

1.d4 Nf6 2.c4 e6 3.g3 d5 4.Bg2 Be7 5.Nf3 O-O 6.Qc2 c5 7.O-O cxd4 8.Nxd4 Nc6
9.Nxc6 bxc6 10.b3 Bb7 11.Bb2 Qb8 12.Nc3 Rd8 13.Rfd1 d4 14.Ne4 c5 15.e3 e5
16.Ba3 Nxe4 17.Bxe4 g6 18.exd4 exd4 19.Re1 Bf8 20.Qd3 a5 21.Rab1 Ra6 22.Bc1
Bxe4 23.Rxe4 a4 24.Bg5 Re8 25.Bf4 Qc8 26.Rbe1 Rxe4 27.Qxe4 Re6 28.Qb1 Rb6
29.Qd3 axb3 30.axb3 Qa8 31.h4 h5 32.Rb1 Ra6 33.Bd2 Ra2 34.Bc1 Qa5 35.Bb2 Qb4
36.Kf1 Bh6 37.Ke2 Qc3 {#R} 0-1

[Event "It (open)"]
[Site "masterchessopen.com Bosnjaci (Croatia)"]
[Date "2008.01.05"]
[Round "3"]
[White "Tarakcija Hazim (CRO)"]
[Black "Sertic Rudolf (CRO)"]
[Result "0-1"]
[WhiteElo "2195"]
[BlackElo "2392"]

1.Nf3 d5 2.d4 Nf6 3.c4 e6 4.g3 Be7 5.Bg2 O-O 6.O-O c6 7.Qc2 b6 8.Nbd2 Ba6
9.Rd1 Nbd7 10.b3 Rc8 11.e4 c5 12.exd5 exd5 13.Nf1 dxc4 14.d5 Ne8 15.bxc4 Nd6
16.N1d2 Bf6 17.Rb1 Re8 18.Bb2 Bxb2 19.Rxb2 Qf6 20.Rbb1 Re2 21.Qa4 Nb8 22.Re1
Rce8 23.Rxe2 Rxe2 24.Bf1 Re7 25.Re1 Bc8 26.Rxe7 Qxe7 27.Qc2 Na6 28.a3 Nc7
29.h4 h6 30.Bd3 Nce8 31.Qc3 Nf6 32.Ne5 Ng4 33.Ndf3 Qf6 34.Qe1 g5 35.hxg5 hxg5
36.Nxg4 Bxg4 37.Ne5 Bh3 38.Qe3 Bf5 39.Bf1 a6 40.f3 Qe7 41.Kf2 Bh7 42.Nc6 Qf6
43.Qe5 Qxe5 44.Nxe5 Bf5 45.g4 f6 46.Nc6 Bd7 47.Nb8 Bc8 48.a4 Kf8 49.Ke3 Ke8
50.Kd3 Bb7 51.Kc3 Kd8 52.Bd3 Kc7 53.Nc6 Bxc6 54.dxc6 Kxc6 55.Bg6 b5 56.axb5+
axb5 57.cxb5+ Nxb5+ 58.Kd3 Nd6 59.Ke3 Kd5 60.f4 Nc4+ 61.Kf3 Kd4 62.Bh7 Ne3
{#R} 0-1

[Event "NRW-liga 2007/08"]
[Site "masterchessopen.com Germany"]
[Date "2008.01.13"]
[Round "5"]
[White "Wilde Pierre (GER)"]
[Black "Mueller Michael (GER)"]
[Result "0-1"]
[WhiteElo "2255"]
[BlackElo "2250"]

1.c4 e6 2.g3 Nf6 3.Bg2 d5 4.Nf3 Be7 5.d4 O-O 6.O-O c6 7.Qc2 b6 8.Nbd2 Ba6
9.Rd1 Nbd7 10.b3 Rc8 11.e4 c5 12.exd5 exd5 13.Qf5 g6 14.Qh3 cxd4 15.Nxd4 Ne5
16.N2f3 Neg4 17.Bf4 h5 18.Ne5 Bc5 19.Nxg4 Nxg4 20.Bxd5 Nxf2 21.Kxf2 Qf6 22.Kg2
Bxd4 23.Rac1 Rce8 24.Rc2 Bc8 25.Qh4 Qf5 26.Rf2 Bf6 27.Bh6 Bxh4 28.Rxf5 Bxf5
29.Bxf8 Kxf8 30.gxh4 Re2+ 31.Kg3 Rxa2 32.b4 Ra3+ 33.Kg2 a5 34.bxa5 Rxa5 35.Bf3
Rc5 36.Rd8+ Kg7 37.Bd5 b5 38.Kf2 bxc4 39.Ke3 c3 {#R} 0-1

[Event "Ch Switzerland (team) 2008"]
[Site "masterchessopen.com Switzerland"]
[Date "2008.03.02"]
[Round "1"]
[White "Loetscher Roland (SUI)"]
[Black "Sutter Oliver (SUI)"]
[Result "1-0"]
[WhiteElo "2366"]
[BlackElo "2390"]

1.d4 Nf6 2.c4 e6 3.g3 d5 4.Bg2 Be7 5.Nf3 O-O 6.Qc2 c5 7.O-O cxd4 8.Nxd4 Nc6
9.Nxc6 bxc6 10.b3 a5 11.Nc3 Ba6 12.Rd1 Ng4 13.Na4 f5 14.e3 Qe8 15.Bb2 Bd6
16.Rac1 Qh5 17.h3 Nf6 18.cxd5 cxd5 19.Qc6 Be2 20.Qxd6 Bxd1 21.Qxe6+ Kh8
22.Bxf6 gxf6 23.g4 fxg4 24.Rxd1 gxh3 25.Rxd5 Qe2 26.Qxh3 Rg8 27.Nc3 Qe1+
28.Kh2 Rg7 29.Ne4 Rag8 30.Bf1 Rg1 31.Rd7 Qxf1 32.Qxh7# 1-0

[Event "It (open) \"]
[Site "masterchessopen.com St. Petersburg (Russia)"]
[Date "2008.03.29"]
[Round "8"]
[White "Martynov Pavel (RUS)"]
[Black "Babakhin Anton (RUS)"]
[Result "1-0"]
[WhiteElo "1972"]
[BlackElo "1986"]

1.d4 d5 2.Nf3 e6 3.c4 Nf6 4.g3 Be7 5.Bg2 O-O 6.O-O c6 7.Qc2 b6 8.Rd1 Bb7 9.Nc3
Bd6 10.b3 Qe7 11.Bb2 Nbd7 12.e4 dxe4 13.Nxe4 Nxe4 14.Qxe4 Nf6 15.Qc2 c5
16.dxc5 Bxc5 17.Ng5 e5 18.Bxb7 Qxb7 19.Bxe5 h6 20.Bxf6 hxg5 21.Bxg5 Rfe8
22.Rd5 Re6 23.b4 Bxb4 24.Be3 Rc8 25.Rad1 Qc6 26.Rd7 Re7 27.Rd8+ Re8 28.Rxe8+
Qxe8 29.Qb3 Bc5 30.Bxc5 Rxc5 31.Qd3 Rc8 32.Qd7 Qxd7 33.Rxd7 Rxc4 34.Rxa7 Rb4
35.Ra3 Rb2 36.h4 g6 37.Kg2 b5 38.g4 b4 39.Rb3 Rxa2 40.Rxb4 Kg7 41.Kg3 Ra3+
42.f3 Ra1 43.Rb2 Rg1+ 44.Rg2 Ra1 45.h5 g5 46.Rd2 Ra5 47.Rd3 Rb5 48.Re3 Ra5
49.f4 gxf4+ 50.Kxf4 Kf6 51.Re4 Rb5 52.Rd4 Kg7 53.Ke4 Rg5 54.Kf4 Ra5 55.Kg3 Ra1
56.Rd5 Rg1+ 57.Kh3 Rf1 58.Kh4 Rh1+ 59.Kg5 f6+ 60.Kf5 Rf1+ 61.Ke4 Re1+ 62.Kf3
Rf1+ 63.Kg2 Rf4 64.Kg3 Rf1 65.Rd7+ Kh6 66.Rf7 Kg5 {#r} 1-0

[Event "Ch Norway (team) 2007/08"]
[Site "masterchessopen.com Norway"]
[Date "2008.03.30"]
[Round "9"]
[White "Skrondal Inge Sandstad (NOR)"]
[Black "Royset Paal (NOR)"]
[Result "0-1"]
[WhiteElo "2216"]
[BlackElo "2235"]

1.Nf3 Nf6 2.c4 e6 3.g3 d5 4.Bg2 Be7 5.d4 O-O 6.O-O c6 7.Qc2 b6 8.b3 Bb7 9.Nbd2
Nbd7 10.Rd1 c5 11.Bb2 cxd4 12.Bxd4 dxc4 13.Nxc4 Qc7 14.Rac1 Rac8 15.Qb2 Qb8
16.Nce5 Nxe5 17.Bxe5 Qa8 18.Ne1 Bxg2 19.Nxg2 Qe4 20.Nf4 Rfe8 21.Nd3 h5 22.Nf4
h4 23.f3 Bc5+ 24.Kg2 Qf5 25.Bxf6 gxf6 26.Rc4 Be3 27.Qc3 Rxc4 28.Qxc4 b5 29.Qc6
Rb8 30.Qc7 Qe5 31.Rd7 Bxf4 32.gxf4 Qxe2+ 33.Kh3 Qxf3+ 34.Kxh4 Qf2+ 35.Kh3 Qf3+
36.Kh4 Rf8 37.Qc1 Qf2+ 38.Kh3 Kg7 39.Rd3 Rh8+ 40.Kg4 Rh4# 0-1

[Event "It \"]
[Site "masterchessopen.com Bad Homburg (Germany)"]
[Date "2008.05.24"]
[Round "5"]
[White "Skibbe Willi (GER)"]
[Black "Thinius Marco (GER)"]
[Result "0-1"]
[WhiteElo "2174"]
[BlackElo "2421"]

1.d4 Nf6 2.c4 e6 3.g3 d5 4.Bg2 Be7 5.Nf3 O-O 6.O-O c6 7.Qc2 b6 8.b3 Ba6 9.Nbd2
Nbd7 10.e4 c5 11.Rd1 dxc4 12.bxc4 cxd4 13.e5 Ng4 14.Qe4 h5 15.h3 Nc5 16.Qb1
Ne3 {#R} 0-1

[Event "It (cat.13)"]
[Site "masterchessopen.com Bazna (Romania)"]
[Date "2008.05.30"]
[Round "7"]
[White "Suba Mihai (ROM)"]
[Black "Beliavsky Alexander G (SLO)"]
[Result "1-0"]
[WhiteElo "2531"]
[BlackElo "2619"]

{ Suba Mihai (ROM) +4 =3 -0 Beliavsky Alexander G (SLO) +1 =1 -0 } 1.c4 e6
2.g3 d5 3.Bg2 Nf6 4.Nf3 Be7 5.d4 O-O 6.O-O c6 7.Qc2 b6 8.Rd1 Nbd7 9.b3 { ?/= }
9...a5 ( 9...Bb7 10.Nc3 Rc8 11.e4 Nxe4 12.Nxe4 dxe4 13.Qxe4 Nf6 14.Qe2 Qd6
15.Ne5 Qb8 16.Bf4 Qa8 17.Rd3 c5 18.Bxb7 Qxb7 19.dxc5 Bxc5 20.Rad1 Qa8 21.Bg5
Ne4 22.Be3 Bxe3 23.Qxe3 Nf6 24.g4 h6 25.h4 Rcd8 26.f3 Rxd3 27.Rxd3 Rd8 28.b4
Rxd3 29.Qxd3 { ...1/2-1/2, Kasparov Garry 2770 - Piva Giorgio 2163 , Asiago
1991 Simultan } ) ( 9...Ba6 10.Nbd2 c5 11.e4 dxc4 12.bxc4 cxd4 13.e5 Ng4
14.Qe4 h5 15.h3 Nc5 16.Qxd4 Nh6 17.Ba3 Qc7 18.Bxc5 bxc5 19.Qc3 Rad8 20.Ne4 Nf5
21.g4 hxg4 22.hxg4 Nh6 23.Nh2 Rxd1+ 24.Rxd1 Rd8 25.Rxd8+ Qxd8 26.Bf3 Bb7
27.Kg2 Bxe4 28.Bxe4 Bg5 29.Kg3 { ...0-1, Huebner Robert Dr 2615 - Anand
Viswanathan 2762 , Dortmund 2000 It (cat.16) } ) 10.Nc3 Ba6 11.Nd2 Rc8 (
11...b5 12.e4 bxc4 13.bxc4 dxc4 14.Na4 Rb8 15.Nxc4 Rb4 16.Nab2 a4 17.a3 Rb5
18.Qxa4 Qc8 19.Bf4 Rh5 20.Bd6 Bb5 21.Qc2 Qd8 22.Bf3 Rh3 23.Kg2 Rh6 24.Bf4 Rh5
25.e5 Rf5 26.exf6 Nxf6 27.Ne3 Rxf4 28.gxf4 Bd6 29.Bxc6 Ba6 30.Nd3 Nh5 31.Bf3 {
...1-0, Fridman Daniel 2578 - Zaitsev Mikhail 2471 , Internet 15. 4.2004 It
(blitz) ACP (Prelim4) } ) 12.e4 c5 13.exd5 { +0.07 CAP } 13...exd5 { N } (
13...cxd4 14.dxe6 fxe6 15.Nce4 Nxe4 ( 15...Nc5 16.Ba3 Nfd7 17.Re1 e5 18.Rad1
Kh8 19.h4 h6 20.Bxc5 bxc5 21.Re2 Qb6 22.Nf3 Rcd8 23.Ne1 Nb8 24.Nd3 Nc6 25.Nd2
Bd6 26.Qb1 Bc8 27.Be4 Ne7 28.Rde1 Bg4 29.f3 Bc8 30.Kg2 Qc7 31.h5 Rde8 32.g4
Bd7 33.a3 { ...1/2-1/2, Kachiani-G Ketino 2410 - Solomunovic Igor 2442 ,
Baden-Baden 1993 It (open) } ) 16.Bxe4 Nf6 17.Nf3 Nxe4 18.Qxe4 Rxf3 19.Qxf3
Qd7 20.Qg4 Bc5 21.Bf4 Rf8 22.Be5 Bb7 23.Rd3 h5 24.Qg6 Rf5 25.Re1 Rf3 26.Red1
Rf7 27.Rxd4 Bxd4 28.Rxd4 Qe7 29.Rd6 Bc8 30.Qxh5 Rf5 31.Qe2 Bb7 32.f4 Rf7
33.Qe3 { ...1-0, Horvath Csaba 2513 - Goldstein Philip 2150 , Bern 2000 It
(open) } ) 14.dxc5 d4 15.c6 Ne5 16.Nf3 Nxc6 17.Bg5 { ?! } ( 17.Bb2 { !? }
17...Re8 18.Ne2 Nb4 19.Qb1 d3 20.Nf4 { } ) 17...h6 18.Bxf6 Bxf6 19.Nd5 b5
20.Qf5 bxc4 21.Nxf6+ Qxf6 22.Qxf6 gxf6 23.Nxd4 Nxd4 24.Rxd4 Rfd8 25.Rxd8+ Rxd8
26.Bf1 Rd2 27.bxc4 Rc2 28.Rb1 Bxc4 29.Rb8+ Kg7 30.Rc8 Bd3 31.Rxc2 Bxc2 32.Bc4
Kf8 33.f4 Ke7 34.Kf2 Kd6 35.Bxf7 Kc5 36.Ke3 Bf5 37.a3 Kb5 38.Bb3 Kc5 39.Bd1
Kc4 40.g4 Bd7 41.h4 Kc3 42.h5 Kb2 43.Ke4 Kc1 44.g5 fxg5 45.fxg5 Kxd1 46.gxh6
Ba4 47.Ke5 Bc2 48.Kf6 Kc1 49.Kg7 Kb2 { } {#r} 1-0